000 03076ngm a22005417a 4500
003 dpl
005 20080822161333.0
007 DVD
008 080822t xxu||||| |||| 00| 0 eng d
010 _aDVD-000189-191
020 _a0788855921
024 _a786936246803
_c499.00
024 _aBVI1152
_c499.00
040 _aDPL
082 _aDVD / CHI
245 _aChicken Little
_c[presented by] Walt Disney Pictures ; produced by Randy Fullmer ; writers, Steve Bencich, Ron Friedman ; directed by Mark Dindal.
_h[videorecording(DVD)] /
250 _aWidescreen ed.
260 _aBurbank, CA :
_bDistributed by Buena Vista Home Entertainment,
_bWalt Disney Home Entertainment ;
_c[2006]
300 _a1 DVD (ca. 81 min.) :
_bsd., col. ;
_c4 3/4 in.
500 _aTitle from container.
500 _aOriginally released as a motion picture in 2005.
500 _aSpecial features: Deleted scenes with 3 alternate openings; "Hatching 'Chicken Little'": a making-of featurette; "Where's Fish!" interactive game; The Cheetah Girls music video; karaoke sing along; Barenaked Ladies music video.
511 _aVoices: Zach Braff, Garry Marshall, Don Knotts, Patrick Stewart, Amy Sedaris, Steve Zahn, Joan Cusack, Wallace Shawn, Harry Shearer, Fred Willard, Catherine O'Hara, Patrick Warburton, Adam West, Sean Elmore, Kelly Hoover.
520 _aChicken Little causes widespread panic when he mistakes a falling acorn for a piece of the sky. After the fall out, the youngster becomes determined to restore his reputation . But just as things are starting to go his way, a real piece of the sky lands on his head. Chicken Little and his band of misfit friends, Abby Mallard (aka Ugly Duckling), Runt of the Litter and Fish Out of Water, attempt to save the world without sending the town into a whole new panic.
538 _aDVD, region 1, widescreen (1.78:1) presentation; Dolby Digital 5.1 surround.
650 _aChickens
650 _aPanic
650 _aFriendship
650 _aChickens
655 _aFeature films.
655 _aAnimated films.
655 _aChildren's films.
655 _aComedy films.
700 _aDindal, Mark.
700 _aBraff, Zach,
_d1975-
700 _aMarshall, Garry.
700 _aKnotts, Don,
_d1924-2006.
700 _aStewart, Patrick,
_d1940-
700 _aSedaris, Amy.
700 _aDebney, John.
710 _aWalt Disney Home Entertainment (Firm)
710 _aBuena Vista Home Entertainment (Firm)
942 _cCF
_2ddc
_hDVD
_mCHI
999 _c15005
_d15005